comparison of rate of senpidor variety in thmorkol district, battambang province,បៀបធៀបកម្រិតពូជស្រូវសែនពិដោរនៅស្រុកថ្មគោលខេត្តបាតើដំបង (Record no. 17817)

000 -LEADER
fixed length control field 00645nam a22001577a 4500
003 - CONTROL NUMBER IDENTIFIER
control field OSt
005 - DATE AND TIME OF LATEST TRANSACTION
control field 20190304151556.0
008 - FIXED-LENGTH DATA ELEMENTS--GENERAL INFORMATION
fixed length control field 190304b xxu||||| |||| 00| 0 eng d
040 ## - CATALOGING SOURCE
Transcribing agency RUA
082 ## - DEWEY DECIMAL CLASSIFICATION NUMBER
Classification number AGR CHH 2010 B1.222 Or.1
100 ## - MAIN ENTRY--PERSONAL NAME
9 (RLIN) 13479
Personal name CHHIM CHHA VANN,ឈឹម​ ឆវណ្ណ
245 ## - TITLE STATEMENT
Title comparison of rate of senpidor variety in thmorkol district, battambang province,បៀបធៀបកម្រិតពូជស្រូវសែនពិដោរនៅស្រុកថ្មគោលខេត្តបាតើដំបង
260 ## - PUBLICATION, DISTRIBUTION, ETC. (IMPRINT)
Place of publication, distribution, etc. phnom penh
Name of publisher, distributor, etc. rua
Date of publication, distribution, etc. 2010
300 ## - PHYSICAL DESCRIPTION
Extent xiii,56p;
Other physical details ill;
Dimensions 29cm;
942 ## - ADDED ENTRY ELEMENTS (KOHA)
Source of classification or shelving scheme
Koha item type AGR
Holdings
Price effective from Date last seen Permanent Location Not for loan Date acquired Source of classification or shelving scheme Koha item type Lost status Withdrawn status Date last checked out Total Checkouts Shelving location Damaged status Barcode Current Location Full call number
2019-03-042020-11-03Library Block B 2019-03-04 AGR  2020-10-161B1.222 A40180Library Block BAGR CHH 2010 B1.222 Or.1
2019-03-042019-03-04Library Block B 2019-03-04 AGR    B1.222 A40698Library Block BAGR CHH 2010 B1.222 Or.2
មជ្ឈមណ្ឌលឯការនៃសាកលវិទ្យាល័យភូមិន្ទកសិកម្មចំការដូង

Powered by Koha